[Event "EU-chT Seniors 65"]
[Site "Swidnica"]
[Date "2023.07.19"]
[Round "8.5"]
[White "Higgie, Charles L"]
[Black "Jorgensen, Jorgen"]
[Result "0-1"]
[WhiteElo "1924"]
[BlackElo "2107"]
[PlyCount "84"]
[EventDate "2023.07.12"]
[EventType "team-swiss"]
[EventRounds "9"]
[EventCountry "POL"]
[SourceTitle "CBM 215 Extra"]
[Source "ChessBase"]
[SourceDate "2023.09.30"]
[SourceVersion "1"]
[SourceVersionDate "2023.09.30"]
[SourceQuality "1"]
[WhiteTeam "Wales Cymru 65"]
[BlackTeam "Denmark 65"]
[WhiteTeamCountry "WLS"]
[BlackTeamCountry "DEN"]

1. e4 Nf6 2. e5 Nd5 3. d4 d6 4. Nf3 Bg4 5. Be2 e6 6. 0-0 Be7 7. c4 Nb6 8. Nc3 0-0 9. Be3 d5 10. c5 Bxf3 11. gxf3 Nc8 12. b4 b6 13. f4 c6 14. Bd3 g6 15. Ne2 a5 16. a3 f5 17. Bd2 Qd7 18. Qc2 Qb7 19. Rfc1 Bd8 20. b5 bxc5 21. Qxc5 Be7 22. bxc6 Qc7 23. Qb5 Ra6 24. Rab1 Rb6 25. Qxa5 Nxc6 26. Rxb6 Nxb6 27. Qc3 Rc8 28. Bb5 Nc4 29. Bxc4 dxc4 30. Qxc4 Qd7 31. Qa6 Kf7 32. d5 exd5 33. Nd4 Nxd4 34. Rxc8 Nf3+ 35. Kg2 Nxd2 36. Rh8 Kg7 37. Qa8 Kh6 38. Rb8 d4 39. Rb2 Nc4 40. Rb3 d3 41. Qg8 Nd2 42. Rb6 Bc5 0-1

[Event "EU-chT Seniors 65"]
[Site "Swidnica"]
[Date "2023.07.13"]
[Round "2.6"]
[White "Wagner Michel, Annett"]
[Black "Higgie, Charles L"]
[Result "1/2-1/2"]
[WhiteElo "2078"]
[BlackElo "1924"]
[PlyCount "98"]
[EventDate "2023.07.12"]
[EventType "team-swiss"]
[EventRounds "9"]
[EventCountry "POL"]
[SourceTitle "CBM 215 Extra"]
[Source "ChessBase"]
[SourceDate "2023.09.30"]
[SourceVersion "1"]
[SourceVersionDate "2023.09.30"]
[SourceQuality "1"]
[WhiteTeam "Germany (Women) 65"]
[BlackTeam "Wales Cymru 65"]
[WhiteTeamCountry "GER"]
[BlackTeamCountry "WLS"]

1. e4 c5 2. Nf3 d6 3. d4 cxd4 4. Nxd4 Nf6 5. Nc3 Nc6 6. Bg5 Bd7 7. Qd2 a6 8. f4 e6 9. 0-0-0 Be7 10. Nf3 Qc7 11. Bxf6 Bxf6 12. Qxd6 Qxd6 13. Rxd6 Bxc3 14. bxc3 Ke7 15. Rd2 Rhd8 16. Be2 Be8 17. Rhd1 Rxd2 18. Rxd2 Na5 19. Rd4 Rc8 20. c4 f6 21. g4 Bg6 22. f5 Bf7 23. e5 exf5 24. gxf5 Bxc4 25. Bxc4 Rxc4 26. Rd5 Rf4 27. Nd2 Nc6 28. exf6+ gxf6 29. h3 Ne5 30. Rc5 Kd6 31. Rc8 Rxf5 32. Rd8+ Kc7 33. Rg8 Rh5 34. Rg7+ Kc6 35. Rg3 f5 36. Re3 f4 37. Rc3+ Kb6 38. Rb3+ Ka7 39. Kd1 b5 40. Ke1 Kb6 41. a4 f3 42. axb5 Rxh3 43. bxa6+ Kxa6 44. Ne4 Rh1+ 45. Kd2 Rh2+ 46. Ke3 Rxc2 47. Kf4 f2 48. Nxf2 Rxf2+ 49. Kxe5 Re2+ 1/2-1/2

[Event "BCF-chT3N 1819 (4NCL)"]
[Site "England"]
[Date "2019.05.06"]
[Round "11.23"]
[White "Burke, Mitchell R"]
[Black "Higgie, Charles L"]
[Result "1/2-1/2"]
[WhiteElo "2027"]
[BlackElo "2005"]
[PlyCount "47"]
[EventDate "2018.11.10"]
[EventType "team-swiss"]
[EventRounds "11"]
[EventCountry "ENG"]
[SourceTitle "EXT 2021"]
[Source "ChessBase"]
[SourceDate "2020.10.23"]
[SourceVersion "1"]
[SourceVersionDate "2020.10.23"]
[SourceQuality "1"]
[WhiteTeam "3CS Oldham II"]
[BlackTeam "Shropshire"]
[WhiteTeamCountry "ENG"]
[BlackTeamCountry "ENG"]

1. e4 c5 2. Nc3 Nc6 3. f4 g6 4. Nf3 Bg7 5. Bb5 Nd4 6. 0-0 Nxb5 7. Nxb5 a6 8. Nc3 e6 9. e5 d5 10. d4 cxd4 11. Ne2 Ne7 12. Nexd4 0-0 13. Be3 f6 14. exf6 Bxf6 15. Qd2 Nc6 16. c3 Qd6 17. Rae1 Bd7 18. Kh1 Bg7 19. Nb3 Rf6 20. Kg1 Kh8 21. Rf2 Re8 22. Rfe2 h6 23. Nbd4 Kh7 24. Qc2 1/2-1/2

[Event "BCF-chT3N 1819 (4NCL)"]
[Site "England"]
[Date "2019.05.05"]
[Round "10.13"]
[White "Higgie, Charles L"]
[Black "Townsend, M Paul"]
[Result "0-1"]
[WhiteElo "2005"]
[BlackElo "2224"]
[PlyCount "74"]
[EventDate "2018.11.10"]
[EventType "team-swiss"]
[EventRounds "11"]
[EventCountry "ENG"]
[SourceTitle "EXT 2021"]
[Source "ChessBase"]
[SourceDate "2020.10.23"]
[SourceVersion "1"]
[SourceVersionDate "2020.10.23"]
[SourceQuality "1"]
[WhiteTeam "Shropshire"]
[BlackTeam "White Rose II"]
[WhiteTeamCountry "ENG"]
[BlackTeamCountry "ENG"]

1. d4 Nf6 2. c4 e6 3. Nc3 d5 4. Bg5 Be7 5. e3 Nbd7 6. Nf3 h6 7. Bh4 0-0 8. Be2 c5 9. 0-0 dxc4 10. dxc5 Nxc5 11. Bxc4 b6 12. Qxd8 Rxd8 13. Rfd1 Bb7 14. Rxd8+ Rxd8 15. Rd1 Rc8 16. Kf1 Kf8 17. Ke2 Na4 18. Nxa4 Rxc4 19. Rd4 Rxd4 20. exd4 Nd5 21. Bg3 Bc6 22. Nc3 Nxc3+ 23. bxc3 Bd5 24. a4 Ke8 25. Bb8 a5 26. Ne5 f6 27. Nd3 Kd7 28. f3 Bb3 29. Kd2 g5 30. Kc1 Bxa4 31. Kb2 Bb5 32. Nf2 Bf1 33. Ng4 Bxg2 34. Nxh6 Bxf3 35. Ng8 Bd8 36. Bg3 f5 37. Be5 Bc7 0-1

[Event "BCF-chT3N 1819 (4NCL)"]
[Site "England"]
[Date "2019.03.17"]
[Round "8.21"]
[White "Higgie, Charles L"]
[Black "Tyton, Adam"]
[Result "1/2-1/2"]
[WhiteElo "2005"]
[BlackElo "1930"]
[PlyCount "39"]
[EventDate "2018.11.10"]
[EventType "team-swiss"]
[EventRounds "11"]
[EventCountry "ENG"]
[SourceTitle "EXT 2021"]
[Source "ChessBase"]
[SourceDate "2020.10.23"]
[SourceVersion "1"]
[SourceVersionDate "2020.10.23"]
[SourceQuality "1"]
[WhiteTeam "Shropshire"]
[BlackTeam "Manchester Manticores III"]
[WhiteTeamCountry "ENG"]
[BlackTeamCountry "ENG"]

1. d4 c6 2. c4 d5 3. Nf3 Nf6 4. Nc3 e6 5. Bg5 Be7 6. e3 Nbd7 7. Qc2 a6 8. Be2 dxc4 9. Bxc4 b5 10. Be2 Bb7 11. 0-0 0-0 12. Rfd1 Rc8 13. a3 c5 14. dxc5 Rxc5 15. b4 Rc7 16. Bf4 Rc8 17. Qb2 Nd5 18. Nxd5 Bxd5 19. Rac1 Bf6 20. Qb1 1/2-1/2

[Event "BCF-chT3N 1819 (4NCL)"]
[Site "England"]
[Date "2019.01.13"]
[Round "4.23"]
[White "Higgie, Charles L"]
[Black "Baxter, Harold"]
[Result "0-1"]
[WhiteElo "2005"]
[BlackElo "1862"]
[PlyCount "78"]
[EventDate "2018.11.10"]
[EventType "team-swiss"]
[EventRounds "11"]
[EventCountry "ENG"]
[SourceTitle "EXT 2021"]
[Source "ChessBase"]
[SourceDate "2020.10.23"]
[SourceVersion "1"]
[SourceVersionDate "2020.10.23"]
[SourceQuality "1"]
[WhiteTeam "Shropshire"]
[BlackTeam "Bradford DCA Knights II"]
[WhiteTeamCountry "ENG"]
[BlackTeamCountry "ENG"]

1. d4 Nf6 2. c4 g6 3. Nc3 d5 4. cxd5 Nxd5 5. e4 Nxc3 6. bxc3 Bg7 7. Bc4 0-0 8. Ne2 c5 9. 0-0 Qc7 10. d5 Nd7 11. f4 Nb6 12. Bb3 Bg4 13. Bb2 Rad8 14. h3 Bxe2 15. Qxe2 c4 16. Bc2 Qc5+ 17. Kh1 Qa5 18. Qe3 Rd7 19. a4 Rfd8 20. Ra3 e6 21. dxe6 fxe6 22. e5 Rd2 23. Rf2 Rxf2 24. Qxf2 Bf8 25. Ra1 Bc5 26. Qg3 Kg7 27. f5 exf5 28. Bxf5 Rf8 29. Rf1 Qxa4 30. Kh2 Qc6 31. Bc1 Kh8 32. Bh6 Rf7 33. e6 Bd6 34. exf7 Bxg3+ 35. Kxg3 Qc7+ 36. Rf4 Qxf7 37. Be4 Qc7 38. Kf3 Nd7 39. Rf7 Ne5+ 0-1

[Event "BCF-chT4S 1617 (4NCL)"]
[Site "England"]
[Date "2017.02.11"]
[Round "5.31"]
[White "Willmoth, Robert"]
[Black "Higgie, Charles L"]
[Result "1-0"]
[WhiteElo "2245"]
[BlackElo "1945"]
[PlyCount "113"]
[EventDate "2016.11.26"]
[EventType "team-swiss"]
[EventRounds "11"]
[EventCountry "ENG"]
[SourceTitle "EXT 2019"]
[Source "ChessBase"]
[SourceDate "2018.10.10"]
[SourceVersion "1"]
[SourceVersionDate "2018.10.10"]
[SourceQuality "1"]
[WhiteTeam "Barnet Knights"]
[BlackTeam "Shropshire II"]
[WhiteTeamCountry "ENG"]
[BlackTeamCountry "ENG"]

1. d4 Nf6 2. Nf3 g6 3. g3 Bg7 4. Bg2 0-0 5. 0-0 c5 6. c4 cxd4 7. Nxd4 Nc6 8. Nc3 Qc7 9. Bf4 d6 10. Nxc6 bxc6 11. c5 Rd8 12. cxd6 exd6 13. Qd2 Nh5 14. Bg5 f6 15. Be3 Rb8 16. Rac1 f5 17. Nd5 Qb7 18. Rxc6 Qxb2 19. Qxb2 Bxb2 20. Ne7+ Kf8 21. Bxa7 Ra8 22. Rc7 Be6 23. Bxa8 Rxa8 24. a4 Ng7 25. Nc6 Ne8 26. Rxh7 Bg7 27. Bd4 Rxa4 28. Bxg7+ Nxg7 29. Rh8+ Kf7 30. Nd8+ Ke7 31. Nxe6 Nxe6 32. Rh7+ Kf6 33. Rd1 Ng5 34. Rb7 Ke6 35. Rg7 Kf6 36. Rd7 Nf7 37. R7xd6+ Nxd6 38. Rxd6+ Kg5 39. f4+ Kh6 40. Kf2 Ra3 41. h3 Kg7 42. Rd3 Ra1 43. g4 Kf6 44. Rd6+ Kf7 45. Kg3 Ra3+ 46. Rd3 Ra2 47. e3 Re2 48. Ra3 Re1 49. Kh4 Kf6 50. Ra6+ Kf7 51. Kg5 Rxe3 52. Rf6+ Ke7 53. Rxg6 Rxh3 54. Kxf5 Kf7 55. Ra6 Rb3 56. Ra7+ Kf8 57. Kg6 1-0

[Event "BCF-chT4S 1617 (4NCL)"]
[Site "England"]
[Date "2016.11.26"]
[Round "1.111"]
[White "Higgie, Charles L"]
[Black "Vallis, Luke"]
[Result "1/2-1/2"]
[WhiteElo "1945"]
[BlackElo "1960"]
[PlyCount "45"]
[EventDate "2016.11.26"]
[EventType "team-swiss"]
[EventRounds "11"]
[EventCountry "ENG"]
[SourceTitle "EXT 2019"]
[Source "ChessBase"]
[SourceDate "2018.10.10"]
[SourceVersion "1"]
[SourceVersionDate "2018.10.10"]
[SourceQuality "1"]
[WhiteTeam "Shropshire II"]
[BlackTeam "Sandhurst Cadets"]
[WhiteTeamCountry "ENG"]
[BlackTeamCountry "ENG"]

1. d4 Nf6 2. c4 g6 3. Nc3 Bg7 4. e4 d6 5. f3 0-0 6. Be3 Nc6 7. Nge2 e5 8. d5 Ne7 9. Qd2 Ne8 10. g4 f5 11. gxf5 gxf5 12. 0-0-0 f4 13. Bf2 Ng6 14. Qe1 Nf6 15. h4 Nh5 16. Bh3 Bxh3 17. Rxh3 Qd7 18. Qh1 Kh8 19. Rg1 Bh6 20. Kb1 Rg8 21. Rh2 a6 22. Rgg2 Raf8 23. Rg4 1/2-1/2

[Event "BCF-chT3Na 1516 (4NCL)"]
[Site "England"]
[Date "2016.02.13"]
[Round "5.89"]
[White "Burton, Graham P"]
[Black "Higgie, Charles L"]
[Result "1-0"]
[WhiteElo "2003"]
[BlackElo "1849"]
[PlyCount "33"]
[EventDate "2015.11.14"]
[EventType "team-swiss"]
[EventRounds "7"]
[EventCountry "ENG"]
[SourceTitle "EXT 2017"]
[Source "ChessBase"]
[SourceDate "2016.10.25"]
[SourceVersion "1"]
[SourceVersionDate "2016.10.25"]
[SourceQuality "1"]
[WhiteTeam "3CS Oldham II"]
[BlackTeam "Holmes Chapel"]
[WhiteTeamCountry "ENG"]
[BlackTeamCountry "ENG"]

1. e4 c5 2. Nf3 Nc6 3. Nc3 Nf6 4. Bb5 Nd4 5. e5 Nxb5 6. Nxb5 Nd5 7. Ng5 e6 8. Ne4 Qh4 9. Nbd6+ Bxd6 10. Nxd6+ Ke7 11. c4 Nb6 12. g3 Qd4 13. Qh5 Rf8 14. Qg5+ f6 15. Qxg7+ Kd8 16. Qxf8+ Kc7 17. Nb5+ 1-0